Players to Appear for Germany since 2020 - Statistics

General Stats
  • This quiz has been taken 39 times
  • The average score is 31 of 69
Answer Stats
Player Position Debut % Correct
Manuel Neuer GK 2/6/2009 vs. United Arab Emirates
100%
Joshua Kimmich RB/DM 29/3/2016 vs. Slovakia
94%
Marc-André ter Stegen GK 26/5/2012 vs. Switzerland
94%
Mats Hummels CB 13/5/2010 vs. Malta
94%
Thomas Müller ST/AM 3/3/2010 vs. Argentina
94%
Florian Wirtz AM/LW 2/9/2021 vs. Liechtenstein
90%
Jamal Musiala RW/LW/AM 25/3/2021 vs. Iceland
87%
Toni Kroos CM 3/3/2010 vs. Argentina
87%
Leroy Sané RW/LW 13/11/2015 vs. France
84%
Antonio Rüdiger CB 13/5/2014 vs. Poland
81%
İlkay Gündoğan CM 11/11/2011 vs. Belgium
81%
Leon Goretzka CM 13/5/2014 vs. Poland
81%
Marco Reus RW/LW/AM 7/10/2011 vs.Turkey
81%
Niklas Süle CB 31/8/2016 vs. Finland
81%
Kai Havertz AM/ST 9/9/2018 vs. Peru
77%
Mario Götze AM 17/11/2010 vs. Sweden
77%
Serge Gnabry LW/RW/ST 11/11/2016 vs. San Marino
77%
Niclas Füllkrug ST 16/11/2022 vs. Oman
71%
Jonathan Tah CB 26/3/2016 vs. England
68%
Emre Can DM/CB 4/9/2015 vs. Poland
65%
Timo Werner ST 22/3/2017 vs. England
65%
Kevin Trapp GK 6/6/2017 vs. Denmark
61%
David Raum LB 5/9/2021 vs. Armenia
58%
Julian Brandt LW/RW 29/3/2016 vs. Slovakia
58%
Matthias Ginter CB 5/3/2014 vs. Chile
58%
Robert Andrich DM 21/11/2023 vs. Austria
52%
Bernd Leno GK 29/5/2016 vs. Slovakia
48%
Julian Draxler LW/AM 26/5/2012 vs. Switzerland
48%
Maximilian Mittelstädt LB 23/3/2024 vs. France
48%
Karim Adeyemi ST/RW 5/9/2021 vs. Armenia
45%
Lukas Klostermann RB 20/3/2019 vs. Serbia
45%
Youssoufa Moukoko ST 16/11/2022 vs. Oman
45%
Aleksandar Pavlović DM 3/6/2024 vs. Ukraine
42%
Maximilian Beier RW/ST 3/6/2024 vs. Ukraine
42%
Robin Gosens LB/LM 3/9/2020 vs. Spain
42%
Deniz Undav ST 23/3/2024 vs. France
39%
Pascal Groß DM/CM 9/9/2023 vs. Japan
39%
Thilo Kehrer CB/RB 9/9/2018 vs. Peru
39%
Chris Führich LW 14/10/2023 vs. United States
35%
Christian Günter LB/LM 13/5/2014 vs. Poland
35%
Benjamin Henrichs RB 11/11/2016 vs. San Marino
32%
Marcel Halstenberg LB 10/11/17 vs. England
32%
Robin Koch CB 9/10/2019 vs. Argentina
29%
Waldemar Anton DM/CB 23/3/2024 vs. France
29%
Felix Nmecha AM 28/3/2023 vs. Belgium
26%
Jonas Hofmann RB/RM/RW 7/10/2020 vs. Turkey
26%
Kevin Volland ST 13/5/2014 vs. Poland
26%
Lukas Nmecha ST 11/11/2021 vs. Liechtenstein
26%
Julian Weigl DM 29/5/2016 vs. Slovakia
23%
Kevin Behrens ST 18/10/2023 vs. Mexico
23%
Armel Bella-Kotchap CB 26/9/2022 vs. England
19%
Florian Neuhaus CM/DM 7/10/2020 vs. Turkey
19%
Mahmoud Dahoud DM/CM 7/10/2020 vs. Turkey
19%
Malick Thiaw CB 16/6/2023 vs. Poland
19%
Marvin Ducksch ST 18/11/2023 vs. Turkey
19%
Nico Schulz LB/LM 9/9/2018 vs. Peru
19%
Anton Stach DM 26/3/2022 vs. Israel
16%
Josha Vagnoman RB 28/3/2023 vs. Belgium
16%
Kevin Schade LW 25/3/2023 vs. Peru
16%
Marius Wolf RB 25/3/2023 vs. Peru
13%
Maximilian Arnold AM 13/5/2014 vs. Poland
13%
Mergim Berisha ST 25/3/2023 vs. Peru
13%
Nadiem Amiri AM 9/10/2019 vs. Argentina
13%
Luca Waldschmidt ST 9/10/2019 vs. Argentina
10%
Philipp Max LB/LM 11/11/2020 vs. Czechia
10%
Ridle Baku RB/RM 11/11/2020 vs. Czechia
10%
Niklas Stark CB 19/11/2019 vs. Northern Ireland
6%
Suat Serdar CM/AM 9/10/2019 vs. Argentina
6%
Amin Younes LW 6/6/2017 vs. Denmark
3%
No matching quizzes found
Score Distribution
Percent of People with Each Score
Percentile by Number Answered
Your Score History
You have not taken this quiz